BCIS quarterly review of building prices (Record no. 105198)

MARC details
000 -LEADER
fixed length control field 00703cam a2200229 4500
001 - CONTROL NUMBER
control field ##L132627
008 - FIXED-LENGTH DATA ELEMENTS--GENERAL INFORMATION
fixed length control field 060223n2006 000 0 eng u
022 1# - INTERNATIONAL STANDARD SERIAL NUMBER
International Standard Serial Number 0260-6216
035 ## - SYSTEM CONTROL NUMBER
System control number (Sirsi) u132627
041 0# - LANGUAGE CODE
Language code of text/sound track or separate title eng
050 04 - LIBRARY OF CONGRESS CALL NUMBER
Classification number 692.5 $2 18
110 2# - MAIN ENTRY--CORPORATE NAME
Corporate name or jurisdiction name as entry element Building Cost Information Service
9 (RLIN) 1096
245 00 - TITLE STATEMENT
Title BCIS quarterly review of building prices
Remainder of title issue 100-103 (Jan - Oct 2006)
260 ## - PUBLICATION, DISTRIBUTION, ETC.
Place of publication, distribution, etc. London
Name of publisher, distributor, etc. BCIS
Date of publication, distribution, etc. 2006
300 ## - PHYSICAL DESCRIPTION
Extent 39p
Dimensions 30cm.
350 ## - PRICE (NR) (BK AM CF MU VM SE) [OBSOLETE]
Price 150
650 24 - SUBJECT ADDED ENTRY--TOPICAL TERM
Topical term or geographic name entry element BUILT ENVIRONMENT-BUILDING COSTS
650 24 - SUBJECT ADDED ENTRY--TOPICAL TERM
Topical term or geographic name entry element QUARTERLY REVIEW OF BUILDING PRICES
650 24 - SUBJECT ADDED ENTRY--TOPICAL TERM
Topical term or geographic name entry element BUILT ENVIRONMENT-BUILDING COSTS-REINSTATEMENT COSTS
690 ## - LOCAL SUBJECT ADDED ENTRY--TOPICAL TERM (OCLC, RLIN)
Topical term or geographic name as entry element BUILT ENVIRONMENT-BUILDING COSTS
942 ## - ADDED ENTRY ELEMENTS (KOHA)
Suppress in OPAC 0
Holdings
Withdrawn status Lost status Source of classification or shelving scheme Damaged status Not for loan Home library Current library Shelving location Date acquired Total Checkouts Full call number Barcode Date last seen Copy number Price effective from Koha item type Date last checked out
    Dewey Decimal Classification     London London BCIS/BMI publications 23/02/2006   ENQUIRY DESK ISS 100 JAN 2006 30071794 06/08/2019 1 06/08/2019 Reference material  
    Dewey Decimal Classification     London London Enquiry desk 14/06/2006 5 ENQUIRY DESK ISS 100 JAN 2006 30071834 06/08/2019 2 06/08/2019 Book 05/01/2007
    Dewey Decimal Classification     London London BCIS/BMI publications 16/05/2006 1 ENQUIRY DESK ISS 101 APR 2006 30071837 06/08/2019 1 06/08/2019 Book 27/11/2006
    Dewey Decimal Classification     London London RICS Boxes 12/06/2006 6 ENQUIRY DESK ISS 101 APR 2006 30071830 06/08/2019 2 06/08/2019 Book 05/01/2007
    Dewey Decimal Classification     London London BCIS/BMI publications 08/08/2006   ENQUIRY DESK ISS 102 JUL 2006 30073194 06/08/2019 1 06/08/2019 Reference material  
    Dewey Decimal Classification     London London BCIS/BMI publications 08/08/2006 9 ENQUIRY DESK ISS 102 JUL 2006 30073195 06/08/2019 2 06/08/2019 Book 09/07/2007
    Dewey Decimal Classification     London London BCIS/BMI publications 02/11/2006   ENQUIRY DESK ISS 103 OCT 2006 30073440 06/08/2019 1 06/08/2019 Reference material  
    Dewey Decimal Classification     London London BCIS/BMI publications 02/11/2006 9 ENQUIRY DESK ISS 103 OCT 2006 30073441 06/08/2019 2 06/08/2019 Book 26/10/2007